000
00299nam a22001217a 4500
020
_a
067520475501
082
_a
670.2854 LAM
100
_a
LAMIT,LOUIS GARY , PAIGE,VERNON
_9
65491
245
_a
COMPUTER-AIDED DESIGN AND DRAFTING
260
_a
LONDON
_b
MERRILL
_c
1987
300
_a
572P
942
_c
BK
999
_c
573680
_d
573680